Valoración de Start-Ups y PYMES en crecimiento : cómo estimar su valor paso a paso con ejemplos resueltos /

Contiene: 1) El planteamiento de la valoración empresarial; 2) Cómo evoluciona una Start-Up y su financiación; 3) Los métodos de la profesión para valorar Start-Ups; 4) El método de los múltiplos con sus ventajas y limitaciones; 5) El modelo de renta perpetua para evaluar el patrimonio neto; 6) Los...

תיאור מלא

שמור ב:
מידע ביבליוגרפי
מחבר ראשי: Pérez-Carballo Veiga, Juan F. (autor)
פורמט: ספר
שפה:ספרדית
יצא לאור: Madrid, España : ESIC, 2023, c2023
סדרה:(Libros Profesionales de Empresa)
נושאים:
תגים: הוספת תג
אין תגיות, היה/י הראשונ/ה לתייג את הרשומה!

MARC

LEADER 00000nam^a2200000^a^4500
001 000619851
005 20250829000000.0
009 20260310133828.464
020 |a 978-84-19480-84-2 
037 |a Acervo ITESO - Biblioteca 
041 |a ESP 
082 |a 658. 15  |b PER 
100 |a Pérez-Carballo Veiga, Juan F.  |e (autor) 
245 1 0 |a Valoración de Start-Ups y PYMES en crecimiento :  |b cómo estimar su valor paso a paso con ejemplos resueltos /  |c J.F. Pérez-Carballo Veiga. 
264 4 |a Madrid, España :  |b ESIC,  |c 2023, c2023 
300 |a 197 p. 
336 |a texto  |b txt  |2 rdacontenido 
337 |a sin mediación  |b n  |2 rdamedio 
338 |a volumen  |b nc  |2 rdasoporte 
440 1 |a (Libros Profesionales de Empresa) 
520 |a Contiene: 1) El planteamiento de la valoración empresarial; 2) Cómo evoluciona una Start-Up y su financiación; 3) Los métodos de la profesión para valorar Start-Ups; 4) El método de los múltiplos con sus ventajas y limitaciones; 5) El modelo de renta perpetua para evaluar el patrimonio neto; 6) Los pasos para estimar el valor del activo neto en renta perpetua; 7) Los ajustes en la estimación del valor; 8) La valoración como horizonte de planificación y un valor terminal; 9) La aplicación de las opciones reales para valorar una Start-Up. 
521 |a 2025 BO Licenciatura en Ingeniería en Nanotecnología 
649 |a XX 
650 |a Pequeña Empresa 
650 |a Mediana Empresa 
650 |a Empresas -  |x Aspectos Tecnológicos 
650 |a Valuación de Empresas -  |x Problemas, Ejercicios, etc. 
650 |a Valuación de Empresas -  |x Metodología 
650 |a Valuación de Empresas -  |x Tema Principal 
650 |a Administración Financiera 
650 |a Administración 
910 |a Fondo General 
920 |a Impresos - Libros 
930 |a Colección General 
905 |a 101 
901 |a 619851-10  |b IT1  |c ACC  |i C190606  |u 20250829 
902 |a https://opac.biblio.iteso.mx/vufind/Record/000619851